[Event "Baku op"]
[Site "Baku"]
[Date "2019.09.21"]
[Round "2"]
[White "Huseynzade, Jeyhun Qalib"]
[Black "Pourramezanali, Amirreza"]
[Result "0-1"]
[WhiteElo "1999"]
[BlackElo "2487"]
[PlyCount "50"]
[EventDate "2019.09.20"]
[EventType "swiss"]
[EventRounds "9"]
[EventCountry "AZE"]
[SourceTitle "EXT 2020"]
[Source "ChessBase"]
[SourceDate "2019.10.17"]
[SourceVersion "1"]
[SourceVersionDate "2019.10.17"]
[SourceQuality "1"]

1. e4 c6 2. Nf3 g6 3. d4 Bg7 4. Bd3 d6 5. 0-0 Nf6 6. c4 0-0 7. b3 Bg4 8. Nbd2 Nfd7 9. Bb2 c5 10. h3 Bxf3 11. Nxf3 Nc6 12. Bc2 Qb6 13. dxc5 Qxc5 14. Bxg7 Kxg7 15. Qd2 Nde5 16. Nxe5 dxe5 17. Rad1 Rfd8 18. Qe3 Nd4 19. Kh1 a5 20. f4 exf4 21. Rxf4 Qe5 22. Rdf1 f6 23. R4f2 Rd6 24. Qc3 Rad8 25. Rd1 Nxc2 0-1